Normal view
MARC view
- THERAJA, A.K
Entry Personal Name
001 - CONTROL NUMBER
- control field: 7493
003 - CONTROL NUMBER IDENTIFIER
- control field: NUST
005 - DATE AND TIME OF LATEST TRANSACTION
- control field: 20171220120442.0
008 - FIXED-LENGTH DATA ELEMENTS
- fixed length control field: 171220|| aca||aabn | a|a d
040 ## - CATALOGING SOURCE
- Original cataloging agency: NUST
- Transcribing agency: NUST
100 ## - HEADING--PERSONAL NAME
- Personal name: THERAJA, A.K
670 ## - SOURCE DATA FOUND
- Source citation: Work cat.: (NUST)329255: THERAJA, B.L 7131, A Textbook of Electrical Technology Vol-II, 2010
